[Event "Seville op 40th"]
[Site "Seville"]
[Date "2015.01.28"]
[Round "5"]
[White "Fernandez Romero, Ernesto"]
[Black "Medina Carrasco, Santiago"]
[Result "1-0"]
[WhiteElo "2483"]
[BlackElo "2200"]
[PlyCount "81"]
[EventDate "2015.01.25"]
[EventType "swiss"]
[EventRounds "9"]
[EventCountry "ESP"]
[SourceTitle "CBM 164 Extra"]
[Source "ChessBase"]
[SourceDate "2015.03.02"]
[SourceVersion "1"]
[SourceVersionDate "2015.03.02"]
[SourceQuality "1"]

1. e4 d6 2. d4 Nf6 3. Nc3 g6 4. Be3 Bg7 5. Qd2 0-0 6. Bh6 c6 7. h4 Qa5 8. h5 Bxh6 9. Qxh6 g5 10. e5 dxe5 11. Qxg5+ Kh8 12. Nf3 Rg8 13. Qxe5 Qxe5+ 14. dxe5 Ng4 15. Bc4 Rf8 16. 0-0 Nd7 17. Rfe1 Nc5 18. Rad1 Nh6 19. Nd4 Bg4 20. Be2 Bxe2 21. Rxe2 Rad8 22. Red2 Ng4 23. Nf5 Ne6 24. Rd7 b5 25. Ne4 Rxd7 26. Rxd7 Rd8 27. Rxd8+ Nxd8 28. Nfg3 Kg7 29. Nf5+ Kf8 30. Ng5 h6 31. f3 e6 32. fxg4 exf5 33. Nh7+ Kg7 34. Nf6 fxg4 35. Nxg4 Ne6 36. Kf2 a6 37. g3 a5 38. Ne3 f6 39. Nf5+ Kh7 40. exf6 Nc5 41. f7 1-0

[Event "ESP-chT CECLUB Div1"]
[Site "Linares"]
[Date "2014.09.07"]
[Round "5.2"]
[White "Medina Carrasco, Santiago"]
[Black "Moreno Ruiz, Javier"]
[Result "0-1"]
[WhiteElo "2228"]
[BlackElo "2475"]
[PlyCount "78"]
[EventDate "2014.09.04"]
[EventType "team-tourn"]
[EventRounds "9"]
[EventCountry "ESP"]
[SourceTitle "CBM 162 Extra"]
[Source "ChessBase"]
[SourceDate "2014.10.17"]
[SourceVersion "1"]
[SourceVersionDate "2014.10.17"]
[SourceQuality "1"]
[WhiteTeam "Oromana"]
[BlackTeam "Collado Villalba"]
[WhiteTeamCountry "ESP"]
[BlackTeamCountry "ESP"]

1. d4 Nf6 2. c4 e6 3. Nf3 Bb4+ 4. Bd2 a5 5. a3 Bxd2+ 6. Nbxd2 d6 7. g3 Nbd7 8. Bg2 e5 9. Qc2 0-0 10. 0-0 exd4 11. Nxd4 a4 12. Rad1 Re8 13. Bc6 Re5 14. Bxa4 Nb6 15. Bc6 bxc6 16. Nxc6 Qe8 17. Nxe5 Qxe5 18. Nf3 Qc5 19. Rd4 Bf5 20. Qc1 Re8 21. b4 Qc6 22. Rh4 Be4 23. c5 dxc5 24. Qxc5 Qxc5 25. bxc5 Nbd7 26. Rc1 h6 27. c6 Nb6 28. Nd2 Bd5 29. Rb4 Rxe2 30. Rxb6 Rxd2 31. Rb8+ Kh7 32. Rc8 Ng4 33. Rxc7 Rxf2 34. Re7 Rxh2 35. Kf1 Rh1+ 36. Ke2 Rxc1 37. c7 Be6 38. Kd2 Rc6 39. a4 Nf6 0-1

[Event "ESP-chT CECLUB Div2 Gp2"]
[Site "Burguillos"]
[Date "2012.08.10"]
[Round "4.4"]
[White "Medina Carrasco, Santiago"]
[Black "Hernandez Munoz, Antonio Ramon"]
[Result "0-1"]
[WhiteElo "2161"]
[BlackElo "2126"]
[PlyCount "66"]
[EventDate "2012.08.08"]
[EventType "team-swiss"]
[EventRounds "6"]
[EventCountry "ESP"]
[SourceTitle "CBM 149 Extra"]
[Source "ChessBase"]
[SourceDate "2012.08.24"]
[SourceVersion "1"]
[SourceVersionDate "2012.08.24"]
[SourceQuality "1"]
[WhiteTeam "Oromana"]
[BlackTeam "Huelva"]
[WhiteTeamCountry "ESP"]
[BlackTeamCountry "ESP"]

1. d4 d5 2. Nf3 Nf6 3. g3 c6 4. Bg2 Bg4 5. Nbd2 Nbd7 6. 0-0 e6 7. c4 Be7 8. b3 a5 9. a3 0-0 10. Bb2 b5 11. Ne5 Nxe5 12. dxe5 Nd7 13. h3 Bh5 14. g4 Bg6 15. e4 dxc4 16. bxc4 Nc5 17. f4 Nd3 18. Bc3 b4 19. axb4 axb4 20. Rxa8 Qb6+ 21. Kh2 Rxa8 22. Nb1 Nxf4 23. Rxf4 bxc3 24. Nxc3 Qc5 25. Nd5 Bg5 26. Rf1 cxd5 27. cxd5 Qc3 28. Qf3 Qxe5+ 29. Qg3 Qxg3+ 30. Kxg3 Ra3+ 31. Rf3 Rxf3+ 32. Bxf3 exd5 33. h4 Be7 0-1

[Event "Andalucia-ch"]
[Site "Roquetas Almeria"]
[Date "2011.05.28"]
[Round "7.4"]
[White "Fernandez Siles, Luis"]
[Black "Medina Carrasco, Santiago"]
[Result "1-0"]
[WhiteElo "2293"]
[BlackElo "2193"]
[PlyCount "63"]
[EventDate "2011.05.14"]
[EventType "swiss"]
[EventRounds "8"]
[EventCountry "ESP"]
[SourceTitle "EXT 2024"]
[Source "ChessBase"]
[SourceDate "2023.10.10"]
[SourceVersion "1"]
[SourceVersionDate "2023.10.10"]
[SourceQuality "1"]

1. d4 d5 2. c4 e6 3. Nc3 Nf6 4. cxd5 exd5 5. Bg5 Be7 6. e3 h6 7. Bh4 0-0 8. Qc2 b6 9. Nf3 Bb7 10. Be2 Nbd7 11. 0-0 c5 12. Rfd1 Rc8 13. Qf5 g6 14. Qh3 Kg7 15. Ne5 Nxe5 16. dxe5 Ng8 17. Bg3 h5 18. f4 Nh6 19. e4 d4 20. Bf2 Rc7 21. f5 f6 22. Qg3 g5 23. exf6+ Rxf6 24. Qxg5+ Kh7 25. Qxh5 Qg8 26. Nd5 Bxd5 27. exd5 Qxd5 28. Bh4 Qc6 29. g4 Kg8 30. Bc4+ Kh8 31. Re1 b5 32. Be6 1-0

[Event "Seville op 36th"]
[Site "Seville"]
[Date "2011.01.09"]
[Round "3"]
[White "Medina Carrasco, Santiago"]
[Black "Teske, Henrik"]
[Result "0-1"]
[WhiteElo "2210"]
[BlackElo "2520"]
[PlyCount "72"]
[EventDate "2011.01.07"]
[EventType "swiss"]
[EventRounds "9"]
[EventCountry "ESP"]
[SourceTitle "CBM 140 Extra"]
[Source "ChessBase"]
[SourceDate "2011.03.01"]
[SourceVersion "1"]
[SourceVersionDate "2011.03.01"]
[SourceQuality "1"]

1. d4 Nf6 2. g3 d5 3. Bg2 c5 4. c3 cxd4 5. cxd4 Bf5 6. Nf3 Nc6 7. 0-0 e6 8. Nc3 Be7 9. Qb3 a6 10. Bf4 Na5 11. Qd1 0-0 12. Ne5 Rc8 13. Rc1 b5 14. a3 Qb6 15. g4 Bxg4 16. Nxg4 Nxg4 17. e4 Nf6 18. e5 Nd7 19. Qg4 f5 20. Qg3 Kh8 21. Kh1 Qd8 22. Rg1 Bh4 23. Qf3 g5 24. Bg3 g4 25. Qe2 Bg5 26. f4 gxf3 27. Bxf3 Bxc1 28. Rxc1 f4 29. Bf2 Nc4 30. Rg1 Rg8 31. Rxg8+ Qxg8 32. Bh4 Ne3 33. Qf2 Qg6 34. Qg1 Qf5 35. Qg5 Qh3 36. Bg2 Nxg2 0-1

[Event "ESP-chT Gp1"]
[Site "Burguillos"]
[Date "2008.08.13"]
[Round "1"]
[White "Medina Carrasco, Santiago"]
[Black "Galindo Rodriguez, Francisco"]
[Result "0-1"]
[WhiteElo "2214"]
[BlackElo "2212"]
[PlyCount "59"]
[EventDate "2008.08.13"]
[EventType "team"]
[EventRounds "6"]
[EventCountry "ESP"]
[SourceTitle "CBM 126 Extra"]
[Source "ChessBase"]
[SourceDate "2008.11.05"]
[SourceVersion "1"]
[SourceVersionDate "2008.11.05"]
[SourceQuality "1"]

1. d4 Nf6 2. c4 c5 3. e3 g6 4. Nf3 Bg7 5. Be2 0-0 6. 0-0 d6 7. Nc3 b6 8. a3 Bb7 9. Qc2 cxd4 10. exd4 Nbd7 11. b4 Rc8 12. Bb2 Bxf3 13. gxf3 Nh5 14. Qd2 e5 15. Nd5 Qh4 16. dxe5 Nxe5 17. Rac1 Rfe8 18. Rfe1 g5 19. Qc2 Re6 20. Qf5 Rce8 21. Ne3 Rf6 22. Qc2 Nf4 23. Bxe5 Nh3+ 24. Kh1 Nxf2+ 25. Kg2 Rxe5 26. Bd1 Nh3 27. Kf1 g4 28. Qg2 gxf3 29. Bxf3 Rg5 30. Ng4 0-1

[Event "Dos Hermanas op 3rd"]
[Site "Dos Hermanas"]
[Date "2002.04.11"]
[Round "7"]
[White "Medina Carrasco, Santiago"]
[Black "Martinez Martin, David"]
[Result "0-1"]
[WhiteElo "2207"]
[BlackElo "2366"]
[PlyCount "77"]
[EventDate "2002.04.05"]
[EventType "swiss"]
[EventRounds "9"]
[EventCountry "ESP"]
[SourceTitle "CBM 087 Extra"]
[Source "ChessBase"]
[SourceDate "2002.05.03"]
[SourceVersion "2"]
[SourceVersionDate "2002.08.09"]
[SourceQuality "1"]

1. d4 Nf6 2. c4 g6 3. Nc3 Bg7 4. e4 d6 5. f3 0-0 6. Be3 c5 7. Nge2 Nc6 8. Qd2 e6 9. 0-0-0 b6 10. h4 Ba6 11. b3 Rc8 12. Kb1 e5 13. d5 Nd4 14. Bh6 Bxh6 15. Qxh6 Ne8 16. h5 g5 17. g3 Nxf3 18. Bh3 Qe7 19. Rhf1 Nd4 20. Nxd4 cxd4 21. Bf5 f6 22. Be6+ Kh8 23. Nb5 Ra8 24. Rf2 Bxb5 25. cxb5 Nc7 26. Rdf1 Nxe6 27. dxe6 Qg7 28. Qxf6 Rxf6 29. Rxf6 Qe7 30. h6 Rg8 31. Kc1 Rg6 32. Rf8+ Rg8 33. R8f6 Qc7+ 34. Kd1 d3 35. R1f2 d5 36. Rf7 Qc5 37. e7 dxe4 38. Rf8 Qxe7 39. R8f7 0-1

[Event "ESP-chT2"]
[Site "Vila Real"]
[Date "2001.08.13"]
[Round "1"]
[White "Medina Carrasco, Santiago"]
[Black "Ingunza Lopez, Txema"]
[Result "1-0"]
[WhiteElo "2205"]
[BlackElo "2065"]
[PlyCount "55"]
[EventDate "2001.08.13"]
[EventType "team"]
[EventRounds "7"]
[EventCountry "ESP"]
[SourceTitle "EXT 2002"]
[Source "ChessBase"]
[SourceDate "2001.11.25"]
[SourceVersion "1"]
[SourceVersionDate "2001.11.25"]
[SourceQuality "1"]

1. d4 Nf6 2. c4 g6 3. Nc3 Bg7 4. e4 d6 5. f3 0-0 6. Be3 e5 7. d5 c6 8. Bd3 cxd5 9. cxd5 a6 10. Nge2 Nbd7 11. Qd2 Nc5 12. Bc2 b5 13. 0-0 b4 14. Na4 Qa5 15. a3 Nxa4 16. axb4 Qc7 17. Bxa4 Bd7 18. Rfc1 Qb7 19. Bc6 Bxc6 20. Rxc6 Nd7 21. Rac1 Rfd8 22. R1c4 Bf8 23. g3 Be7 24. Kg2 Kg7 25. Nc3 Rdc8 26. Qc2 Nf6 27. Na4 Rd8 28. Rc7 1-0

[Event "Dos Hermanas op"]
[Site "Dos Hermanas"]
[Date "2000.04.13"]
[Round "7"]
[White "Medina Carrasco, Santiago"]
[Black "Ivanisevic, Ivan"]
[Result "0-1"]
[WhiteElo "2173"]
[BlackElo "2460"]
[PlyCount "60"]
[EventDate "2000.04.??"]
[EventType "swiss"]
[EventRounds "9"]
[EventCountry "ESP"]
[SourceTitle "CBM 075 Extra"]
[Source "ChessBase"]
[SourceDate "2000.05.11"]
[SourceVersion "2"]
[SourceVersionDate "2000.05.11"]
[SourceQuality "1"]

1. d4 d5 2. Nf3 Nf6 3. c4 c6 4. Nc3 e6 5. e3 Nbd7 6. Qc2 Bd6 7. Bd3 0-0 8. 0-0 dxc4 9. Bxc4 Qe7 10. Ne4 Nxe4 11. Qxe4 c5 12. Bd3 f5 13. Qh4 Nf6 14. b3 b6 15. Bb2 Bb7 16. Rac1 Rad8 17. Rfd1 Bd5 18. dxc5 Bxc5 19. Ne5 Qb7 20. Bc4 Ne4 21. Bd4 Ba3 22. Bxd5 Qxd5 23. Rc7 Qxe5 24. Rxa7 Bc5 25. f4 Qf6 26. Qxf6 gxf6 27. Rc1 Rf7 28. Bxc5 bxc5 29. Ra6 Rfd7 30. Re1 Rd2 0-1

[Event "ESP-chT"]
[Site "Spain"]
[Date "1998.??.??"]
[Round "4"]
[White "Coret Frasquet, Jose"]
[Black "Medina Carrasco, Santiago"]
[Result "0-1"]
[WhiteElo "2260"]
[BlackElo "2185"]
[PlyCount "63"]
[EventDate "1998.??.??"]
[EventType "team"]
[EventRounds "9"]
[EventCountry "ESP"]
[SourceTitle "EXT 2002"]
[Source "ChessBase"]
[SourceDate "2001.11.25"]
[SourceVersion "1"]
[SourceVersionDate "2001.11.25"]
[SourceQuality "1"]

1. e4 c5 2. Nf3 d6 3. d4 cxd4 4. Nxd4 Nf6 5. Nc3 a6 6. f4 e6 7. Bd3 Qc7 8. 0-0 b5 9. a3 Bb7 10. Qf3 Nbd7 11. Bd2 Nc5 12. Rae1 Be7 13. b4 d5 14. bxc5 Qxc5 15. e5 Qxd4+ 16. Kh1 Ne4 17. Re2 Rc8 18. Nd1 Nxd2 19. Rxd2 Qb6 20. f5 g6 21. fxg6 fxg6 22. Qh3 Kd7 23. Rf7 Rcf8 24. Rdf2 Rxf7 25. Rxf7 Qd4 26. Qg3 Qa1 27. Qe1 Ke8 28. Rxh7 Rxh7 29. Bxg6+ Rf7 30. Qf1 Kd7 31. Bxf7 Qxe5 32. Bg6 0-1